|
|
|
|
| LEADER |
00731nam a2200229Ia 4500 |
| 008 |
141004s9999 xx 000 0 und d |
| 040 |
|
|
|c a
|
| 041 |
|
|
|a English
|
| 082 |
|
|
|a 634.9
|
| 082 |
|
|
|b MAN/PR
|
| 100 |
|
|
|a TM Manoharan
|
| 245 |
|
|
|a Proceedings of national workshop on global warming and its implications for Kerala
|
| 245 |
|
|
|c TM Manoharan
|
| 260 |
|
|
|a Kerala
|
| 260 |
|
|
|b Kerala forests and wild department
|
| 260 |
|
|
|c 2009
|
| 300 |
|
|
|a 239 p.
|
| 300 |
|
|
|b 28 cm
|
| 650 |
|
|
|a Global warming
|
| 942 |
|
|
|c BK
|
| 999 |
|
|
|c 175173
|d 175173
|
| 952 |
|
|
|0 0
|1 0
|4 0
|6 634_900000000000000_MAN_PR
|7 0
|9 180126
|a KAUCOF
|b KAUCOF
|o 634.9 MAN/PR
|p KAU_COF-G-29
|r 2014-10-04
|w 2014-10-04
|y BK
|